Sports Quiz

Random Sports or NBA Quiz

2016-2017 NBA Top Scorers By Letter Quiz Stats

 Plays Quiz not verified by Sporcle

Challenge
Share
Tweet
Embed
Score 0/73 Timer 10:00
0 Plays Today
Hint Answer % Correct
CStephen Curry
97.6%
DAnthony Davis
97.2%
DDeMar DeRozan
96.9%
DKevin Durant
96.5%
CDeMarcus Cousins
96.2%
BBradley Beal
95.5%
BDevin Booker
94.8%
ACarmelo Anthony
94.4%
BJimmy Butler
93.4%
AGiannis Antetokounmpo
92.4%
GPaul George
91.7%
HJames Harden
91%
JLeBron James
91%
ALaMarcus Aldridge
89.9%
CMike Conley
89.9%
LDamian Lillard
89.2%
GMarc Gasol
88.9%
LKawhi Leonard
88.2%
GBlake Griffin
87.2%
IKyrie Irving
86.8%
WRussell Westbrook
86.5%
JDeAndre Jordan
84.7%
HGordon Hayward
84.4%
PKristaps Porzingis
84.4%
NDirk Nowitzki
84%
JNikola Jokic
83.3%
PChris Paul
83.3%
TIsaiah Thomas
82.6%
MC.J. McCollum
81.9%
TKarl-Anthony Towns
81.9%
TKlay Thompson
81.9%
WKemba Walker
81.9%
WAndrew Wiggins
80.2%
OVictor Oladipo
79.2%
EJpel Embiid
78.5%
ISerge Ibaka
78.1%
LBrook Lopez
77.4%
Hint Answer % Correct
FEvan Fournier
75.7%
MPaul Millsap
71.9%
KEnes Kanter
71.2%
SDennis Schröder
67%
POtto Porter
66.7%
YThaddeus Young
66.7%
YNick Young
66.7%
YJames & Joe Young
66.7%
NJusuf Nurkic
65.6%
VNikola Vucevic
65.6%
HTobias Harris
64.9%
FKenneth Faried
64.6%
RJ.J Redick
63.9%
VJonas Valanciunas
60.8%
ZCody Zeller
60.8%
FChanning Frye
59.7%
UTyler Ulis
59.7%
SMarcus Smart
54.5%
RZach Randolph
53.5%
RDerrick Rose
48.6%
EMonta Ellis
46.5%
SDario Saric
46.5%
IErsan Ilyasova
45.1%
OKelly Olynyk
45.1%
MMarcus Morris
44.4%
ZIvica Zubac
43.1%
OJahlil Okafor
34.7%
EWayne Ellington
34%
VNoah Vonleh
33%
KSean Kilpatrick
32.3%
NJameer Nelson
31.9%
KFrank Kaminsky
29.9%
ZPaul Zipser
28.1%
QTim Quarterman
20.5%
UBeno Udrih
15.6%
UJarrod Uthoff
5.2%

You're not logged in!

Compare scores with friends on all Sporcle quizzes.
OR
Log In

You Might Also Like...

Show Comments

Extras

Top Quizzes Today


Score Distribution

Your Account Isn't Verified!

In order to create a playlist on Sporcle, you need to verify the email address you used during registration. Go to your Sporcle Settings to finish the process.

Report this User

Report this user for behavior that violates our Community Guidelines.

Details: